Écris le mot en anglais #3 - Statistiques

Statistiques générales
  • Ce quiz a été pris 1 286 fois
    1 269 depuis la dernière actualisation
  • Le résultat moyen est 12 sur 15
Statistiques - réponses
Français Anglais % Correct
Eau Water
99%
Lait Milk
98%
Pomme Apple
97%
Poisson Fish
97%
Fromage Cheese
94%
Pain Bread
89%
Banane Banana
88%
Fraise Strawberry
81%
Légumes Vegetable
78%
Melon d'eau (pastèque) Water melon
78%
Viande Meat
74%
Ananas Pineapple
73%
Tarte Pie
63%
Poivron (piment) Red pepper
38%
Biscuit Cookie
32%
Aucun quiz correspondant
Distribution des résultats
% des personnes avec chaque résultat
Percentile par nombre de réponses
Votre historique - résultats
Vous n’avez pas pris ce quiz depuis la dernière actualisation